PEDIATRICS FOR STUDENTS AND PRACTITIONERS (Record no. 20862)

MARC details
000 -LEADER
fixed length control field 00374nam a22001577a 4500
003 - CONTROL NUMBER IDENTIFIER
control field SGT
020 ## - INTERNATIONAL STANDARD BOOK NUMBER
International Standard Book Number 978-9388725576
082 ## - DEWEY DECIMAL CLASSIFICATION NUMBER
Classification number 617.632
Item number P21C
100 ## - MAIN ENTRY--PERSONAL NAME
Personal name CHAURASIA D.D.
245 ## - TITLE STATEMENT
Title PEDIATRICS FOR STUDENTS AND PRACTITIONERS
250 ## - EDITION STATEMENT
Edition statement 2ND
260 ## - PUBLICATION, DISTRIBUTION, ETC. (IMPRINT)
Place of publication, distribution, etc NEW DELHI
Name of publisher, distributor, etc CBS PUBLISHER
Year of Publication 2021
300 ## - PAGE DESCRIPTION
No. of Pages 1-386
650 ## - SUBJECT ADDED ENTRY--TOPICAL TERM
Topical term or geographic name as entry element PEDIATRICS DENTISTRY
942 ## - ADDED ENTRY ELEMENTS (KOHA)
Source of classification or shelving scheme Dewey Decimal Classification
Koha item type Books
Holdings
Withdrawn status Lost status Source of classification or shelving scheme Damaged status Not for loan Home library Current library Shelving location Date acquired Vendor Name Cost, normal purchase price SGTU Bill Number Total Checkouts Full call number Accession No. (Barcode) Date last seen Bill Date Koha item type
    Dewey Decimal Classification     SGT Dental Library SGT Dental Library Text Book 03/03/2021 AHUJA BOOK COMPANY 495.00 SGTU 12616   617.632 P21C FD8199 03/03/2021 27/01/2021 Books
    Dewey Decimal Classification     SGT Dental Library SGT Dental Library Text Book 03/03/2021 AHUJA BOOK COMPANY 495.00 SGTU 12616   617.632 P21C FD8200 03/03/2021 27/01/2021 Books